Vyšehradský patentový inštitút

Dohoda o Vyšehradskom patentovom inštitúte (VPI) a nové logo VPI. Vyšehradský patentový inštitút bude podporovať inovácie a kreativitu rovnako ako hospodársky rast a konkurencieschopnosť v regióne strednej a východnej Európy.

Saved in:
Bibliographic Details
Main Author: Valtýniová, Zdenka
Format: Book Chapter
Language:Slovak
Subjects:
Tags: Add Tag
No Tags, Be the first to tag this record!

MARC

LEADER 00000naa$a2200000$$$4500
001 0211001
005 20230908074123.6
041 0 |a slo 
044 |a SK 
245 1 0 |a Vyšehradský patentový inštitút  |c Zdenka Valtýniová 
520 |a Dohoda o Vyšehradskom patentovom inštitúte (VPI) a nové logo VPI. Vyšehradský patentový inštitút bude podporovať inovácie a kreativitu rovnako ako hospodársky rast a konkurencieschopnosť v regióne strednej a východnej Európy. 
610 2 0 |a Vyšehradská štvorka 
610 2 0 |a úrady patentové 
610 2 0 |a právo patentové 
610 2 0 |a právo priemyselné 
610 2 0 |a logo 
610 2 0 |a vzory chránené 
610 2 0 |a vlastníctvo duševné 
100 1 |a Valtýniová, Zdenka